Państwa w Azji, w których stolica nie jest największa - Statystyki

Ogólne statystyki
  • Ten quiz został rozwiązany 4 693 razy
    4 689 od ostatniego zresetowania
  • Średni wynik to 10 z 13
Statystyki odpowiedzi
Państwo Stolica Największe miato % Poprawnych
Chiny Pekin Szanghaj
97%
Indie Nowe Delhi Mumbaj
93%
Kazachstan Astana Ałmaty
84%
Pakistan Islamabad Karaczi
82%
Turcja Ankara Stambuł
81%
Wietnam Hanoi Ho Chi Minh
81%
Zjednoczone Emiraty Arabskie Abu Zabi Dubaj
81%
Mjanma Naypyidaw Rangun
69%
Sri Lanka Sri Dźajawardanapura Kotte Kolombo
68%
Syria Damaszek Aleppo
67%
Filipiny Manila Quezon City
64%
Tajwan Tajpej Nowe Tajpej
60%
Kuwejt Kuwejt Dżalib asz-Szujuch
57%
Nie znaleziono quizów pasujących do podanych kryteriów
Rozkład punktacji
Procent ludzi z każdym wynikiem
Percentyl według liczby udzielonych odpowiedzi
Twoja historia wyników
Nie rozwiązałeś tego quizu od ostatniego zresetowania